| 000 | nam a22 a 4500 | ||
|---|---|---|---|
| 999 |
_c1802 _d1802 |
||
| 005 | 20170512092718.0 | ||
| 008 | 170512b1992 my ||||| |||| 00| 0 eng d | ||
| 020 | _a9839981501 | ||
| 040 | _aAKMAL | ||
| 082 | 0 | 4 | _a340 MOH |
| 090 |
_a340 _bMOH |
||
| 100 |
_aMohd. Akram Shair Mohamad _93724 |
||
| 245 |
_aConfessions _bUnder Malaysian Law |
||
| 300 |
_a253p _c18cm |
||
| 650 |
_aLaw _93725 |
||
| 942 |
_2ddc _cBOOK |
||